00541nam a22002057a 450000500170000001000130001702000220003003500130005203700160006504000120008108200130009310000150010624500690012125000120019026000260020227000220022830000200025065000240027065000410029420170124105911.0 aA-250141 c00.00a0582353076 aA-250141 bCen Lib/Ret aDPLbEN a483bWAR aWard, A.C. aLongman companion to twentieth century literaure /cby A.C. Ward a3rd ed. aEssexbLongman c1970 bEssexaBurnt mill a598p.c20cm(Hb) aEnglish literature  aEnglish literature y20th century